000 00277nam a22001337a 4500
008 170419b xxu||||| |||| 00| 0 eng d
020 _a1285431758
041 _aeng
080 _210TH
_a573
100 _a11
101 _aSHM
245 _aBIOLOGY
_cSOLOMAN
942 _2udc
_cBK
999 _c11112
_d11112